000 00850nam a22002057a 4500
999 _c19538
_d19538
003 AR-CdUCM
008 190517b ||||| |||| 00| 0 spa d
040 _aMUNICIPALIDAD PROVINCIAL DEL CUSCO
_cBIBLIOTECA MUNICIPAL DEL CUSCO
082 _22ed.
_a341.8 /
_bC93
100 _aCuadros Villena, Carlos Ferdinand
_926971
245 _aÉtica de la abogacía y deontología forense /
260 _aLima :
_bFECAT,
_c1994.
300 _a386 páginas ;
_c22 cm.
505 _aContenido: Ética de la Abogacía -- Trascendencia de la abogacía -- Crisis de la ética de la abogacía -- La abogacía en la sociedad subdesarrollada -- Manifestaciones y causas de la crisis de la ética de la abogacía ...
650 _aÉtica legal
_931659
650 _aAbogacia
_922813
650 _aEnseñanza
_91616
942 _2ddc
_cLIBROS
945 _aachl
_d2019-05-17